书目信息 |
| 题名: |
小住宅大空间
|
|
| 作者: | 莫斯泰迪 著 ;胡慕辉 译 | |
| 分册: | ||
| 出版信息: | 昆明 云南科技出版社 2002.10 |
|
| 页数: | 179页 | |
| 开本: | 29cm | |
| 丛书名: | ||
| 单 册: | ||
| 中图分类: | TU , TU241-64 | |
| 科图分类: | ||
| 主题词: | 民用建筑--建筑设计 | |
| 电子资源: | ||
| ISBN: | 7-5416-1713-X | |
| 000 | 00660nam0 2200217 45 | |
| 001 | 0352875977 | |
| 005 | 2003032514411589 | |
| 010 | @a7-5416-1713-X@dRMB 160.00 | |
| 100 | @a20030325d2002 km y0chiy0120 ea | |
| 101 | 0 | @achi |
| 102 | @aCN@b530000 | |
| 200 | 1 | @a小住宅大空间@Axiao zhu zhai da kong jian@f(西班牙)莫斯泰迪著;胡慕辉译@F(Xi Ban Ya)Mo Si Tai Di Zhu;Hu Mu Hui Yi |
| 210 | @a昆明@c云南科技出版社@d2002.10 | |
| 215 | @a179页@d29cm | |
| 606 | 0 | @a民用建筑@x建筑设计 |
| 690 | @aTU@v3 | |
| 690 | @aTU241-64@v4 | |
| 701 | 0 | @a莫斯泰迪@Amo si tai di@4著 |
| 702 | 0 | @a胡慕辉@Ahu mu hui@4译 |
| 801 | 0 | @aCN@bPFT@c20030325 |
| 905 | @a10447@dTU241-64@eM870 | |
| 小住宅大空间/(西班牙)莫斯泰迪著;胡慕辉译.-昆明:云南科技出版社,2002.10 |
| 179页;29cm |
| ISBN 7-5416-1713-X:RMB 160.00 |
| ● |
| 相关链接 |
|
|
|
正题名:小住宅大空间
索取号:TU241-64/M870
 
预约/预借
| 序号 | 登录号 | 条形码 | 馆藏地/架位号 | 状态 | 备注 |
| 1 | 367538 | 203675380 | 建筑库101/101建筑库 61排5列1层/ [索取号:TU241-64/M870] | 在馆 |